000 00950cam a2200301 a 4500
001 12795
003 BD-RjUL
005 20211208235346.0
008 140129s1986 maua b 001 0 eng d
020 _a0201100886
020 _a0201101947 (pbk)
035 _a(BD-RjUL)12845
040 _aUkOxU
_beng
_cUkOxU
_dBD-RjUL
041 _aeng
082 0 0 _219
_a005.453
_bAHC 1986
100 1 _aAho, Alfred V.
_9867
245 1 0 _aCompilers :
_bprinciples, techniques, and tools /
_cAlfred V. Aho, Ravi Sethi, Jeffrey D. Ullman.
260 _aReading, Mass ;
_aWokingham :
_bAddison-Wesley,
_cc1986.
300 _ax, 796 p. :
_bill. ;
_c22 cm.
500 _aIncludes index.
650 0 _aCompilers (Computer programs).
_91180
700 1 _aSethi, Ravi.
_939877
700 1 _aUllman, Jeffrey D.,
_d1942-
_9872
830 0 _aAddison-Wesley series in computer science
_9868
942 _2ddc
_cBK
999 _c12795
_d12795